Implementación de un software de conteo de votos para el Consejo Supremo Electoral durante las elecciones nacionales en los centros de cómputos municipales
Propone un software de conteo de votos, para el consejo supremo electoral que pueda ser implementado durante las elecciones nacionales en los centros de cómputos municipales, a través del cual se puede almacenar y auditar las actas de escrutinios ingresadas, agilizar el funcionamiento del área de...
| Main Authors: | , , |
|---|---|
| Other Authors: | |
| Format: | Tesis Section = Libro |
| Language: | Undetermined Spanish |
| Published: |
Managua
UNI
2007
|
| Subjects: |
| LEADER | 01515nam a2200301Ia 4500 | ||
|---|---|---|---|
| 008 | 240830s9999 xx 000 0 und d | ||
| 040 | |a BIBLIOTECA-RUPAP Mon 005.3 C149 | ||
| 041 | |a spa | ||
| 082 | |a Mon 005.3 C149 | ||
| 100 | 1 | |a Calero Baldeoseda, Jerry Yitzahk | |
| 100 | 1 | |b Alanís Aragón, Armando José | |
| 100 | 1 | |c Baltodano Agüero, Edwin Antonio | |
| 245 | 1 | 0 | |a Implementación de un software de conteo de votos para el Consejo Supremo Electoral durante las elecciones nacionales en los centros de cómputos municipales |
| 260 | |a Managua |b UNI |c 2007 | ||
| 300 | |a 245 p. :il. | ||
| 500 | |a Contiene: anexos. | ||
| 502 | |a Tesis (Ingeniero de Sistemas)- UNI, 2007. | ||
| 520 | 3 | |a Propone un software de conteo de votos, para el consejo supremo electoral que pueda ser implementado durante las elecciones nacionales en los centros de cómputos municipales, a través del cual se puede almacenar y auditar las actas de escrutinios ingresadas, agilizar el funcionamiento del área de procesamiento de datos e implantar políticas de seguridad que garantice la ejecución de un proceso electoral transparente. | |
| 650 | 7 | |a PROGRAMAS - CONTEO DE VOTOS - CONSEJO SUPREMO ELECTORAL | |
| 650 | 7 | |b ARQUITECTURA DE REDES DE COMUNICACION | |
| 650 | 7 | |c DISEÑO DE RED | |
| 650 | 7 | |d SEGURIDAD DE LOS DATOS | |
| 650 | 7 | |e RED DE AREA LOCAL | |
| 650 | 7 | |f ESTRUCTURA ORGANIZACIIONAL | |
| 700 | 1 | |a Tutor: |b Espinoza Aragón; Evelyn del Carmen | |
| 942 | |c BK |2 ddc | ||
| 991 | |a TESIS | ||
| 999 | |c 15307 | ||